[Event "Liga Madrid 2009-2010 Division de Honor"]
[Site "Madrid ESP"]
[Date "2010.01.17"]
[Round "6.15"]
[White "Rodriguez De Castro, Ayar"]
[Black "Fernandez Garcia, Miguel Angel"]
[Result "0-1"]
[WhiteElo "2113"]
[BlackElo "2254"]
[PlyCount "98"]
[EventDate "2009.11.22"]
[EventType "team"]
[EventRounds "14"]
[EventCountry "ESP"]
[Source "lmi"]
[SourceDate "2009.11.22"]

1. d4 d5 2. c4 c6 3. e3 Nf6 4. Be2 g6 5. Nc3 Bg7 6. Nf3 O-O 7. O-O Bg4 8. Qb3
b6 9. cxd5 cxd5 10. h3 Bxf3 11. Bxf3 e6 12. Qb5 a6 13. Qe2 Nc6 14. Rd1 Qd7 15.
b3 Rac8 16. Na4 Qa7 17. Ba3 Rfd8 18. Rac1 Nd7 19. Rc2 b5 20. Nc5 b4 21. Bb2
Nxc5 22. Rxc5 Ne5 23. Rdc1 Nxf3+ 24. Qxf3 Rxc5 25. Rxc5 Bf8 26. Rc2 a5 27. Qd1
a4 28. Rc6 axb3 29. Qxb3 Qb7 30. Qc2 Ra8 31. g3 Rxa2 32. Rc8 Kg7 33. Rc5 Bxc5
34. dxc5+ Kg8 35. Qb1 Ra5 36. Qd1 Qe7 37. Qd4 f6 38. c6 Rc5 39. Qh4 e5 40. f4
exf4 41. Qxf4 Rxc6 42. g4 Qd6 43. Qf2 Qc7 44. Qf3 Rc2 45. Qxd5+ Kg7 46. Bxf6+
Kxf6 47. Qd4+ Kg5 48. Qd5+ Kh4 49. Qf3 Qh2+ 0-1

[Event "Liga Madrid 2009-2010 Division de Honor"]
[Site "Madrid ESP"]
[Date "2010.01.17"]
[Round "6.16"]
[White "Paredes Sanchez, Juan"]
[Black "Vazquez Torres, Adrian"]
[Result "0-1"]
[WhiteElo "2200"]
[BlackElo "2144"]
[PlyCount "54"]
[EventDate "2009.11.22"]
[EventType "team"]
[EventRounds "14"]
[EventCountry "ESP"]
[Source "lmi"]
[SourceDate "2009.11.22"]

1. d4 Nf6 2. Nf3 d6 3. Nc3 g6 4. e4 Bg7 5. Be2 O-O 6. O-O Nbd7 7. h3 e5 8. Re1
c6 9. a4 Qc7 10. b3 Re8 11. Bc4 exd4 12. Nxd4 Nc5 13. Qf3 Be6 14. Nxe6 Nxe6 15.
Bd2 Nd7 16. Qg3 Qb6 17. Kh1 Qc5 18. Rad1 Nb6 19. Bf1 Be5 20. Qf3 Nd7 21. Rc1
Bd4 22. Nd1 Qe5 23. c3 Bb6 24. Bc4 Nf6 25. h4 h5 26. Nb2 Ng4 27. Nd3 Qh2# 0-1

[Event "Liga Madrid 2009-2010 Division de Honor"]
[Site "Madrid ESP"]
[Date "2010.01.17"]
[Round "6.21"]
[White "Roa Alonso, Santiago"]
[Black "Moreno Ruiz, Javier"]
[Result "0-1"]
[WhiteElo "2412"]
[BlackElo "2459"]
[PlyCount "122"]
[EventDate "2009.11.22"]
[EventType "team"]
[EventRounds "14"]
[EventCountry "ESP"]
[Source "lmi"]
[SourceDate "2009.11.22"]

1. e4 c5 2. Nf3 g6 3. d4 cxd4 4. Qxd4 Nf6 5. Bb5 Nc6 6. Bxc6 dxc6 7. Qxd8+ Kxd8
8. Nc3 Bg7 9. h3 Nd7 10. Bd2 e5 11. a4 a5 12. Be3 b6 13. O-O-O Ke7 14. Rd2 Nc5
15. Rhd1 Be6 16. Ng5 Bh6 17. f4 Bxg5 18. fxg5 Rhd8 19. Bxc5+ bxc5 20. Rxd8 Rxd8
21. Rxd8 Kxd8 22. Nd1 Ke7 23. Nf2 Bc4 24. Kd2 Bf1 25. g3 f5 26. gxf6+ Kxf6 27.
h4 Ke6 28. Kc3 Bg2 29. Nd3 Kd6 30. Nc1 c4 31. Kxc4 Bxe4 32. Kc3 Bd5 33. Nd3 c5
34. b3 e4 35. Nf2 h5 36. Kd2 c4 37. bxc4 Bc6 38. Ke3 Kc5 39. Nxe4+ Kxc4 40.
Nd2+ Kc3 41. Nb3 Kb4 42. Kd2 Bxa4 43. Nd4 Bd7 44. c3+ Kc4 45. Kc2 Bf5+ 46. Kb2
a4 47. Ne2 a3+ 48. Kxa3 Kd3 49. Nf4+ Kxc3 50. Ka4 Kd2 51. Kb4 Ke3 52. Kc3 Kf3
53. Kd4 Kxg3 54. Ke3 Kxh4 55. Kf3 Kg5 56. Nd5 Be6 57. Ne3 h4 58. Kf2 Bc8 59.
Nf1 Kf4 60. Ne3 Bb7 61. Nf1 g5 0-1

[Event "Liga Madrid 2009-2010 Division de Honor"]
[Site "Madrid ESP"]
[Date "2010.01.17"]
[Round "6.22"]
[White "De La Fuente Gonzalez, Francisco"]
[Black "Cao Armillas, Jesus"]
[Result "1/2-1/2"]
[WhiteElo "2237"]
[BlackElo "2205"]
[PlyCount "114"]
[EventDate "2009.11.22"]
[EventType "team"]
[EventRounds "14"]
[EventCountry "ESP"]
[Source "lmi"]
[SourceDate "2009.11.22"]

1. c4 Nf6 2. Nc3 e5 3. Nf3 Nc6 4. g3 Bb4 5. Bg2 O-O 6. O-O Re8 7. d3 Bxc3 8.
bxc3 e4 9. Nd4 exd3 10. exd3 h6 11. Bf4 Nxd4 12. cxd4 d5 13. c5 Be6 14. Rb1 Qc8
15. Qb3 Rb8 16. Rfe1 Qd7 17. Qa3 Nh5 18. Bd2 b6 19. Rbc1 c6 20. Bf3 Nf6 21. Bf4
Ra8 22. Qa6 Qc8 23. Qxc8 Rexc8 24. a4 Bd7 25. Rb1 b5 26. Be5 a6 27. Ra1 Ne8 28.
g4 f6 29. Bg3 Kf7 30. Re2 f5 31. Rae1 Nf6 32. Re7+ Kg6 33. Be5 fxg4 34. Bxf6
gxf6 35. Bxd5 Bf5 36. Bf7+ Kg5 37. axb5 axb5 38. Be6 Bxe6 39. R1xe6 b4 40. Re2
Rd8 41. Rg7+ Kf5 42. Rc7 Ra6 43. Re4 Rb8 44. Ree7 Ra5 45. Rxc6 b3 46. Rf7 b2
47. Rfxf6+ Kg5 48. Rg6+ Kh5 49. Rxh6+ Kg5 50. Rhg6+ Kh5 51. Rh6+ Kg5 52. Rcg6+
Kf5 53. Rf6+ Kg5 54. Rhg6+ Kh5 55. Rh6+ Kg5 56. Rhg6+ Kh5 57. Rh6+ Kg5 1/2-1/2

[Event "Liga Madrid 2009-2010 Division de Honor"]
[Site "Madrid ESP"]
[Date "2010.01.17"]
[Round "6.23"]
[White "Cepeda Delgado, Camilo Jose"]
[Black "Sanchez-Alarcos Galian, Victor"]
[Result "0-1"]
[WhiteElo "2141"]
[BlackElo "2149"]
[PlyCount "64"]
[EventDate "2009.11.22"]
[EventType "team"]
[EventRounds "14"]
[EventCountry "ESP"]
[Source "lmi"]
[SourceDate "2009.11.22"]

1. d4 d5 2. c4 c6 3. cxd5 cxd5 4. Nc3 Nf6 5. Nf3 Nc6 6. Bf4 a6 7. e3 Bg4 8. Bd3
e6 9. O-O Be7 10. Rc1 O-O 11. Qd2 Bxf3 12. gxf3 Nh5 13. Bg3 f5 14. Be5 Nxe5 15.
dxe5 f4 16. e4 Bb4 17. exd5 exd5 18. a3 Bxc3 19. Qxc3 Re8 20. Rfe1 Qg5+ 21. Kh1
Qh4 22. Qd4 Rad8 23. Bf5 g6 24. Rc7 gxf5 25. Rg1+ Kh8 26. Rxb7 Rg8 27. Rxg8+
Rxg8 28. Qa7 Ng3+ 29. fxg3 fxg3 30. h3 Qxh3+ 31. Kg1 Qh2+ 32. Kf1 g2+ 0-1

[Event "Liga Madrid 2009-2010 Division de Honor"]
[Site "Madrid ESP"]
[Date "2010.01.17"]
[Round "6.24"]
[White "Alcaraz Amoros, Antonio"]
[Black "Lorite Cruz, Francisco"]
[Result "1-0"]
[WhiteElo "2010"]
[BlackElo "2073"]
[PlyCount "37"]
[EventDate "2009.11.22"]
[EventType "team"]
[EventRounds "14"]
[EventCountry "ESP"]
[Source "lmi"]
[SourceDate "2009.11.22"]

1. c4 e5 2. Nc3 Nf6 3. Nf3 Nc6 4. d4 exd4 5. Nxd4 Bc5 6. Nxc6 bxc6 7. g3 O-O 8.
Bg2 Rb8 9. O-O Qe7 10. Na4 Re8 11. Nxc5 Qxc5 12. b3 d5 13. cxd5 Ba6 14. Bf3
cxd5 15. Be3 Qa5 16. Qd4 Ne4 17. Rac1 Ra8 18. b4 c5 19. Rxc5 1-0

[Event "Liga Madrid 2009-2010 Division de Honor"]
[Site "Madrid ESP"]
[Date "2010.01.17"]
[Round "6.25"]
[White "San Juan Rodriguez, Miguel"]
[Black "Arauz Alonso, Fernando"]
[Result "0-1"]
[WhiteElo "2073"]
[BlackElo "2140"]
[PlyCount "116"]
[EventDate "2009.11.22"]
[EventType "team"]
[EventRounds "14"]
[EventCountry "ESP"]
[Source "lmi"]
[SourceDate "2009.11.22"]

1. e4 c6 2. d4 d5 3. f3 dxe4 4. fxe4 e5 5. Nf3 Be6 6. c3 Nd7 7. Bd3 Bd6 8. Ng5
Ngf6 9. Nxe6 fxe6 10. Nd2 Qc7 11. Nf3 O-O 12. Bg5 exd4 13. cxd4 e5 14. O-O Rae8
15. Kh1 Kh8 16. Qc2 Ng4 17. h3 Ngf6 18. g4 Qa5 19. Bd2 Bb4 20. dxe5 Nxe5 21.
Nxe5 Rxe5 22. Bf4 Bd6 23. Qg2 Re6 24. Bc4 Bxf4 25. Bxe6 Qe5 26. Rxf4 Qxf4 27.
Rf1 Qe5 28. Bb3 Re8 29. Re1 Nxe4 30. Kg1 Qd4+ 31. Kh1 h6 32. Bc2 Nf6 33. Rxe8+
Nxe8 34. Qe2 Qd5+ 35. Be4 Qe5 36. Qd3 Nf6 37. Qd8+ Qe8 38. Qxe8+ Nxe8 39. Bg6
Nd6 40. Kg2 Kg8 41. Kf3 Kf8 42. b3 Ke7 43. Ke3 Kf6 44. Bd3 Ke5 45. Bg6 Nb5 46.
a4 Nd4 47. Bf7 g5 48. a5 Ne6 49. Be8 Nf4 50. a6 bxa6 51. Bxc6 a5 52. Bd7 Nxh3
53. Kd3 Kd5 54. Bc8 Nf4+ 55. Kc3 Kc5 56. Bd7 Ng6 57. Bf5 Ne5 58. Be4 Nxg4 0-1

[Event "Liga Madrid 2009-2010 Division de Honor"]
[Site "Madrid ESP"]
[Date "2010.01.17"]
[Round "6.26"]
[White "Sanchez Naranjo, Jose Manuel"]
[Black "Tipter, Napoleon"]
[Result "1-0"]
[WhiteElo "2090"]
[BlackElo "2048"]
[PlyCount "81"]
[EventDate "2009.11.22"]
[EventType "team"]
[EventRounds "14"]
[EventCountry "ESP"]
[Source "lmi"]
[SourceDate "2009.11.22"]

1. e4 c5 2. Nf3 d6 3. d4 cxd4 4. Nxd4 Nf6 5. Nc3 g6 6. Be3 Bg7 7. f3 O-O 8. Qd2
Nc6 9. g4 Nd7 10. O-O-O Nde5 11. Be2 Na5 12. b3 Bd7 13. h3 Rc8 14. f4 Nec6 15.
Nd5 e6 16. Nb4 Nxb4 17. Qxb4 Qc7 18. Bd3 Rfd8 19. f5 d5 20. exd5 exd5 21. Qd2
Nc6 22. Bf4 Be5 23. Ne2 Nd4 24. Bxe5 Qxe5 25. Nxd4 Qxd4 26. Kb1 Re8 27. fxg6
fxg6 28. Rhe1 Kg7 29. Qg5 Qc5 30. Rf1 Qd6 31. Bc4 Rxc4 32. Rxd5 Qe7 33. Qxe7+
Rxe7 34. bxc4 Bc6 35. Rd3 Re4 36. Rc3 Bd7 37. Kc1 Be6 38. Rff3 Bxc4 39. Rfe3
Rf4 40. g5 Rf7 41. Rxc4 1-0

[Event "Liga Madrid 2009-2010 Division de Honor"]
[Site "Madrid ESP"]
[Date "2010.01.17"]
[Round "6.31"]
[White "Garcia Luengo, Leandro"]
[Black "Serrano Salvador, Eduardo"]
[Result "1/2-1/2"]
[WhiteElo "2308"]
[BlackElo "2319"]
[PlyCount "147"]
[EventDate "2009.11.22"]
[EventType "team"]
[EventRounds "14"]
[EventCountry "ESP"]
[Source "lmi"]
[SourceDate "2009.11.22"]

1. e4 d5 2. Nc3 dxe4 3. Nxe4 Nd7 4. Bc4 e6 5. Nf3 Ngf6 6. Qe2 Nxe4 7. Qxe4 Nf6
8. Qe2 Be7 9. d4 O-O 10. Bd2 a6 11. a4 b6 12. O-O Bb7 13. c3 Bd5 14. Ne5 Bxc4
15. Qxc4 Qd5 16. Qxd5 Nxd5 17. c4 Nb4 18. Bxb4 Bxb4 19. Nc6 a5 20. Rac1 Rfe8
21. Rfd1 Bf8 22. g3 g5 23. Kg2 Bg7 24. Re1 e5 25. Nxe5 c5 26. f4 gxf4 27. gxf4
cxd4 28. Nd3 Kf8 29. Kf3 Rac8 30. b3 Rc6 31. Rxe8+ Kxe8 32. Re1+ Kd7 33. Ke4
Re6+ 34. Ne5+ Bxe5 35. fxe5 Rh6 36. Kxd4 Rxh2 37. Rf1 Rh6 38. Rxf7+ Ke6 39. Rb7
Rh4+ 40. Kc3 Rh3+ 41. Kb2 Rh2+ 42. Ka3 Kxe5 43. Rxb6 Kd4 44. Rf6 h5 45. Rf4+
Kc5 46. Rf5+ Kb6 47. Rb5+ Ka6 48. b4 Rh3+ 49. Kb2 axb4 50. Rxb4 Ka5 51. Rb8
Kxa4 52. c5 Rh2+ 53. Kc3 Rh1 54. Kc4 Rc1+ 55. Kd5 Rd1+ 56. Kc6 h4 57. Rh8 Rd4
58. Kb6 Rb4+ 59. Kc7 Kb5 60. c6 Rc4 61. Rb8+ Ka6 62. Rb3 Rc1 63. Kd7 Rg1 64. c7
Rg7+ 65. Kc6 Rg6+ 66. Kd5 Rg5+ 67. Ke6 Rg6+ 68. Kd5 Rg5+ 69. Kd4 Rg4+ 70. Kc3
Rg3+ 71. Kc2 Rg2+ 72. Kb1 Rg1+ 73. Ka2 Rc1 74. Rh3 1/2-1/2

[Event "Liga Madrid 2009-2010 Division de Honor"]
[Site "Madrid ESP"]
[Date "2010.01.17"]
[Round "6.32"]
[White "Hernandez Gallardo, Francisco Javier"]
[Black "Garcia Pichon, Eduardo"]
[Result "1-0"]
[WhiteElo "2360"]
[BlackElo "2282"]
[PlyCount "55"]
[EventDate "2009.11.22"]
[EventType "team"]
[EventRounds "14"]
[EventCountry "ESP"]
[Source "lmi"]
[SourceDate "2009.11.22"]

1. e4 e5 2. Nf3 Nc6 3. Bb5 a6 4. Ba4 Nf6 5. O-O b5 6. Bb3 Bc5 7. Nxe5 Nxe5 8.
d4 Bxd4 9. Qxd4 d6 10. f4 Nc6 11. Qc3 Ne7 12. a4 Rb8 13. Qd3 c5 14. axb5 axb5
15. c4 O-O 16. cxb5 Qb6 17. Bc4 Rd8 18. Bd2 Qb7 19. Ba5 Re8 20. Nc3 Ng6 21.
Qxd6 Ra8 22. Qxc5 Bd7 23. e5 Nh5 24. Bd5 Qc8 25. Qd6 Ngxf4 26. e6 Rxe6 27. Bxe6
Nxe6 28. Nd5 1-0

[Event "Liga Madrid 2009-2010 Division de Honor"]
[Site "Madrid ESP"]
[Date "2010.01.17"]
[Round "6.34"]
[White "Fraga Castro, Jose Carlos"]
[Black "Piña Sierra, Julia"]
[Result "1-0"]
[WhiteElo "2220"]
[BlackElo "2061"]
[PlyCount "87"]
[EventDate "2009.11.22"]
[EventType "team"]
[EventRounds "14"]
[EventCountry "ESP"]
[Source "lmi"]
[SourceDate "2009.11.22"]

1. c4 Nf6 2. g3 d5 3. cxd5 Nxd5 4. Bg2 g6 5. Nf3 Bg7 6. O-O O-O 7. d4 c6 8. h3
Nd7 9. e4 N5b6 10. Nc3 Nf6 11. a4 Be6 12. a5 Nc8 13. Qa4 b5 14. axb6 Nxb6 15.
Qc2 Qc8 16. Kh2 Bc4 17. Rd1 e6 18. Be3 Ba6 19. b3 Bb7 20. Ra5 Nbd7 21. Rda1 a6
22. Nd2 Ne8 23. Nc4 Qd8 24. Rd1 Nb6 25. Nxb6 Qxb6 26. Raa1 Qc7 27. Na4 e5 28.
dxe5 Bxe5 29. Rac1 Bd6 30. Nc5 Bc8 31. f4 Rb8 32. Qc3 Ng7 33. Ra1 Ne6 34. Nxa6
Bxa6 35. Rxa6 Qb7 36. Rb6 Qe7 37. Rxc6 Bb4 38. Qe5 Nd8 39. Rxg6+ hxg6 40. Qxb8
Ne6 41. Qb5 Bd6 42. e5 Bc7 43. Qc4 Rb8 44. Bd5 1-0

[Event "Liga Madrid 2009-2010 Division de Honor"]
[Site "Madrid ESP"]
[Date "2010.01.17"]
[Round "6.35"]
[White "De La Rosa Bretin, Adrian"]
[Black "Ramirez Garcia, Jorge Alberto"]
[Result "0-1"]
[WhiteElo "1795"]
[BlackElo "2175"]
[PlyCount "64"]
[EventDate "2009.11.22"]
[EventType "team"]
[EventRounds "14"]
[EventCountry "ESP"]
[Source "lmi"]
[SourceDate "2009.11.22"]

1. e4 e6 2. d4 d5 3. exd5 exd5 4. c4 Nf6 5. Nf3 Be7 6. Nc3 O-O 7. Be2 Nbd7 8.
O-O dxc4 9. Bxc4 Nb6 10. Bb3 Bg4 11. Bg5 c6 12. Re1 Nfd5 13. Bxe7 Nxe7 14. Re4
Bh5 15. Rh4 Bg6 16. Ne5 Ned5 17. Nxg6 hxg6 18. Qg4 Qc8 19. Qg3 Qf5 20. Rg4 Rad8
21. Ne4 Rfe8 22. Ng5 Re2 23. h4 Rde8 24. Nf3 Rxb2 25. h5 Qxh5 26. Rh4 Qf5 27.
Qh2 Rb1+ 28. Bd1 f6 29. Rh8+ Kf7 30. Rxe8 Kxe8 31. Qb8+ Kf7 32. Qxb7+ Ne7 0-1

[Event "Liga Madrid 2009-2010 Division de Honor"]
[Site "Madrid ESP"]
[Date "2010.01.17"]
[Round "6.41"]
[White "Gallardo Garcia, Andres"]
[Black "Gallego Jimenez, Victoriano"]
[Result "0-1"]
[WhiteElo "2418"]
[BlackElo "2421"]
[PlyCount "66"]
[EventDate "2009.11.22"]
[EventType "team"]
[EventRounds "14"]
[EventCountry "ESP"]
[Source "lmi"]
[SourceDate "2009.11.22"]

1. e4 e6 2. d4 d5 3. Nc3 Bb4 4. e5 c5 5. a3 Bxc3+ 6. bxc3 Ne7 7. Qg4 O-O 8. Bd3
c4 9. Bh6 Ng6 10. Bxg6 fxg6 11. Be3 Qe8 12. h4 Qf7 13. h5 Qf5 14. Qe2 gxh5 15.
Rxh5 Qg6 16. g4 Bd7 17. Nh3 Ba4 18. Rc1 Nc6 19. Kd2 b5 20. f4 Ne7 21. Nf2 a5
22. Rg5 Qe8 23. Rh1 b4 24. Rgh5 bxc3+ 25. Kxc3 Qb5 26. Rxh7 Rfb8 27. Nd1 Qb1
28. Kd2 Qxc2+ 29. Ke1 Rb1 30. Rh8+ Kf7 31. Qxc2 Bxc2 32. Kd2 Rxh8 33. Rxh8 Bxd1
0-1

[Event "Liga Madrid 2009-2010 Division de Honor"]
[Site "Madrid ESP"]
[Date "2010.01.17"]
[Round "6.42"]
[White "Elguezabal Varela, Daniel"]
[Black "Candela Perez, Jose"]
[Result "1/2-1/2"]
[WhiteElo "2377"]
[BlackElo "2416"]
[PlyCount "53"]
[EventDate "2009.11.22"]
[EventType "team"]
[EventRounds "14"]
[EventCountry "ESP"]
[Source "lmi"]
[SourceDate "2009.11.22"]

1. Nf3 d5 2. d4 c6 3. c4 e6 4. Qc2 dxc4 5. Qxc4 Nf6 6. g3 b5 7. Qc2 Bb7 8. Bg2
Nbd7 9. a4 a6 10. O-O Rc8 11. axb5 cxb5 12. Qd3 Nd5 13. Bd2 Nb4 14. Bxb4 Bxb4
15. Nbd2 O-O 16. Rfc1 Nf6 17. Nb3 Qb6 18. Ne5 Bxg2 19. Kxg2 h6 20. Qf3 Bd6 21.
Nd3 Rfd8 22. Ndc5 Bxc5 23. dxc5 Qc6 24. Rd1 Rxd1 25. Rxd1 Qxf3+ 26. Kxf3 a5 27.
Nxa5 1/2-1/2

[Event "Liga Madrid 2009-2010 Division de Honor"]
[Site "Madrid ESP"]
[Date "2010.01.17"]
[Round "6.43"]
[White "Taboas Rodriguez, Daniel"]
[Black "Rojo Huerta, Gabriel"]
[Result "1/2-1/2"]
[WhiteElo "2359"]
[BlackElo "2374"]
[PlyCount "105"]
[EventDate "2009.11.22"]
[EventType "team"]
[EventRounds "14"]
[EventCountry "ESP"]
[Source "lmi"]
[SourceDate "2009.11.22"]

1. d4 Nf6 2. Nf3 e6 3. c4 b6 4. Nc3 Bb7 5. Bg5 h6 6. Bh4 Be7 7. e3 c5 8. d5
Nxd5 9. cxd5 Bxh4 10. Nxh4 Qxh4 11. Nb5 Qb4+ 12. Qd2 Qxd2+ 13. Kxd2 Bxd5 14. e4
Bc6 15. Nc7+ Ke7 16. f3 Rc8 17. Nxa8 Bxa8 18. Bb5 d5 19. exd5 Bxd5 20. Rhc1 Nc6
21. Bxc6 Rxc6 22. a3 a5 23. b4 axb4 24. axb4 cxb4 25. Rxc6 Bxc6 26. Rb1 Kd6 27.
Rxb4 Kc5 28. Rb1 e5 29. Rc1+ Kd6 30. Ra1 Kc5 31. Ra7 Bd5 32. Kc3 g6 33. Rc7+
Kd6 34. Rc8 h5 35. Rd8+ Kc5 36. Rc8+ Kd6 37. Kb4 e4 38. fxe4 Bxe4 39. g3 Ke5
40. Rb8 Kf5 41. Kc3 Kg4 42. Kd4 Bf5 43. Rxb6 h4 44. gxh4 Kxh4 45. Rb3 Kg4 46.
Ke5 Be6 47. Rg3+ Kh5 48. Kf4 Kh6 49. Ra3 Kg7 50. Ke5 Bc4 51. Ra7 Be6 52. Rc7
Bb3 53. Kf4 1/2-1/2

[Event "Liga Madrid 2009-2010 Division de Honor"]
[Site "Madrid ESP"]
[Date "2010.01.17"]
[Round "6.44"]
[White "Navarro Nicolas, Victor Manuel"]
[Black "Prieto Martin, Alfonso"]
[Result "1-0"]
[WhiteElo "2228"]
[BlackElo "2212"]
[PlyCount "113"]
[EventDate "2009.11.22"]
[EventType "team"]
[EventRounds "14"]
[EventCountry "ESP"]
[Source "lmi"]
[SourceDate "2009.11.22"]

1. d4 Nf6 2. c4 e6 3. Nc3 d5 4. Nf3 Be7 5. Bg5 Nbd7 6. e3 b6 7. cxd5 Nxd5 8.
Bxe7 Nxe7 9. Rc1 a6 10. Bd3 Bb7 11. O-O O-O 12. Qe2 Ng6 13. Rfd1 Qe7 14. Be4
Bxe4 15. Nxe4 Rfc8 16. Rc6 e5 17. d5 b5 18. Qc2 Nb6 19. b3 Qd7 20. Nc5 Qe8 21.
Nb7 e4 22. Ng5 Qe5 23. Nxe4 Nxd5 24. Rc5 Nge7 25. Nc3 c6 26. e4 Qc7 27. exd5
Qxb7 28. d6 Ng6 29. Ne4 Nf8 30. Rc3 Nd7 31. Nc5 Nxc5 32. Rxc5 Qd7 33. Qe4 Rab8
34. Re5 Re8 35. f4 f6 36. Rxe8+ Rxe8 37. Qd4 h6 38. Kf2 Qg4 39. Rd2 Qd7 40. Re2
Rxe2+ 41. Kxe2 Kf7 42. Qc5 Qe6+ 43. Kf2 Qd7 44. f5 Kg8 45. g4 Kf7 46. Ke3 Ke8
47. Qd4 Kf7 48. b4 Qe8+ 49. Kd3 Qe1 50. Qa7+ Kg8 51. Qe3 Qd1+ 52. Qd2 Qxg4 53.
d7 Qxf5+ 54. Kc3 Qe5+ 55. Kb3 Qe6+ 56. Ka3 Qh3+ 57. Kb2 1-0

[Event "Liga Madrid 2009-2010 Division de Honor"]
[Site "Madrid ESP"]
[Date "2010.01.17"]
[Round "6.45"]
[White "Nunez Gutierrez, Juan Carlos"]
[Black "Barez Menendez, Hector"]
[Result "1-0"]
[WhiteElo "2101"]
[BlackElo "2144"]
[PlyCount "89"]
[EventDate "2009.11.22"]
[EventType "team"]
[EventRounds "14"]
[EventCountry "ESP"]
[Source "lmi"]
[SourceDate "2009.11.22"]

1. e4 e5 2. Nf3 Nf6 3. Nc3 Nc6 4. Bc4 Nxe4 5. Bxf7+ Kxf7 6. Nxe4 d5 7. Neg5+
Kg8 8. d4 h6 9. Nh3 e4 10. Ne5 Qf6 11. Nf4 Nxe5 12. dxe5 Qxe5 13. Qxd5+ Qxd5
14. Nxd5 Bd6 15. Bf4 Bxf4 16. Nxf4 Bf5 17. O-O-O Kf7 18. Rd5 g6 19. Rhd1 Rhe8
20. h3 h5 21. Rc5 c6 22. a4 h4 23. a5 a6 24. Rc3 Rad8 25. Rb3 Rxd1+ 26. Kxd1
Bc8 27. Kd2 Re5 28. Ra3 Rb5 29. b3 Kf6 30. c4 Re5 31. b4 Re8 32. Ke3 g5 33. Ne2
Ke5 34. Ra2 Be6 35. Rd2 Re7 36. Rd4 Bf5 37. Nc3 Rg7 38. Nxe4 g4 39. Nc5 gxh3
40. gxh3 Bxh3 41. Rxh4 Bf1 42. Rh5+ Kd6 43. Ne4+ Ke6 44. Rh6+ Ke7 45. Ng3 1-0

[Event "Liga Madrid 2009-2010 Division de Honor"]
[Site "Madrid ESP"]
[Date "2010.01.17"]
[Round "6.46"]
[White "Gemy Vargas, Daniel"]
[Black "Davicce Canada, Juan Antonio"]
[Result "1-0"]
[WhiteElo "2169"]
[BlackElo "2079"]
[PlyCount "131"]
[EventDate "2009.11.22"]
[EventType "team"]
[EventRounds "14"]
[EventCountry "ESP"]
[Source "lmi"]
[SourceDate "2009.11.22"]

1. Nf3 Nf6 2. d4 e6 3. g3 d5 4. Bg2 Be7 5. O-O O-O 6. b3 c5 7. e3 Nc6 8. Ne5
Qc7 9. Bb2 Bd7 10. Nd2 Rac8 11. Qe2 b6 12. Rfc1 cxd4 13. exd4 Na5 14. c4 dxc4
15. Ndxc4 Nxc4 16. Rxc4 Qd8 17. Nxd7 Qxd7 18. Rac1 Bd6 19. Qc2 Rxc4 20. Qxc4 h6
21. a4 Rd8 22. Qc6 Qxc6 23. Rxc6 Nd5 24. Kf1 Kf8 25. Ke2 Ke7 26. Kf3 Kd7 27.
Rc4 Rc8 28. Bf1 Rc7 29. h4 Rc8 30. Bd3 Rc7 31. Bc1 Rc8 32. g4 Be7 33. h5 Bf6
34. Bd2 Be7 35. Kg3 Rc7 36. f4 Bd6 37. Kf3 f6 38. Bg6 Ne7 39. Bd3 Nd5 40. f5
exf5 41. Bxf5+ Kd8 42. Ke4 Ne7 43. Be6 Rxc4 44. bxc4 Kc7 45. Bf7 Kd7 46. Be3
Nc6 47. Bd5 Ne7 48. c5 bxc5 49. dxc5 Bb8 50. Bd4 a5 51. Bc4 Bc7 52. Bb5+ Ke6
53. Be8 Bd8 54. Be3 Bc7 55. c6 Ng8 56. Bd7+ Ke7 57. Kd5 f5 58. Bxf5 Nf6+ 59.
Kc5 Kd8 60. Kb5 Ke7 61. Bc5+ Kd8 62. Bf8 Ne8 63. Bg6 Nf6 64. Bf5 Ne8 65. Bd7
Nd6+ 66. Ka6 1-0

[Event "Liga Madrid 2009-2010 Division de Honor"]
[Site "Madrid ESP"]
[Date "2010.01.24"]
[Round "7.11"]
[White "Gallego Jimenez, Victoriano"]
[Black "Almagro Llamas, Pablo"]
[Result "0-1"]
[WhiteElo "2421"]
[BlackElo "2453"]
[PlyCount "70"]
[EventDate "2009.11.22"]
[EventType "team"]
[EventRounds "14"]
[EventCountry "ESP"]
[Source "lmi"]
[SourceDate "2009.11.22"]

1. d4 d5 2. c4 c6 3. e3 Nf6 4. Nc3 a6 5. Nf3 b5 6. b3 Bg4 7. Be2 Nbd7 8. O-O e6
9. h3 Bh5 10. Bb2 Be7 11. Ne5 Bxe2 12. Nxe2 Nxe5 13. dxe5 Nd7 14. cxd5 cxd5 15.
Nf4 O-O 16. Qg4 Re8 17. Rfd1 Nc5 18. Nh5 g6 19. Nf6+ Bxf6 20. exf6 Rc8 21. Qf4
Kh8 22. Rac1 Rg8 23. b4 g5 24. Qh2 Ne4 25. Rxc8 Qxc8 26. Rc1 Qf8 27. a3 Qh6 28.
Rd1 g4 29. hxg4 Qxh2+ 30. Kxh2 Nxf2 31. Rc1 Nd3 32. Rc2 Nxb2 33. Rxb2 Rxg4 34.
Rc2 Rc4 35. Rf2 h5 0-1

[Event "Liga Madrid 2009-2010 Division de Honor"]
[Site "Madrid ESP"]
[Date "2010.01.24"]
[Round "7.12"]
[White "Rubio Mejia, Luis Ignacio"]
[Black "Elguezabal Varela, Daniel"]
[Result "1/2-1/2"]
[WhiteElo "2350"]
[BlackElo "2377"]
[PlyCount "49"]
[EventDate "2009.11.22"]
[EventType "team"]
[EventRounds "14"]
[EventCountry "ESP"]
[Source "lmi"]
[SourceDate "2009.11.22"]

1. d4 d6 2. Nf3 g6 3. c4 Bg7 4. Nc3 e5 5. e3 Nd7 6. Be2 Ngf6 7. b4 O-O 8. Bb2
Re8 9. a3 c6 10. O-O e4 11. Nd2 Nf8 12. b5 h5 13. a4 Bf5 14. a5 c5 15. Nb3 Ne6
16. dxc5 Nxc5 17. Nxc5 dxc5 18. Qxd8 Rexd8 19. Rfd1 Be6 20. Rab1 Rac8 21. h3 h4
22. Ba1 Kf8 23. Rbc1 Kg8 24. Kf1 Bf5 25. Ke1 1/2-1/2

[Event "Liga Madrid 2009-2010 Division de Honor"]
[Site "Madrid ESP"]
[Date "2010.01.24"]
[Round "7.13"]
[White "Rojo Huerta, Gabriel"]
[Black "Rabadan Velasco, Raul"]
[Result "0-1"]
[WhiteElo "2374"]
[BlackElo "2334"]
[PlyCount "66"]
[EventDate "2009.11.22"]
[EventType "team"]
[EventRounds "14"]
[EventCountry "ESP"]
[Source "lmi"]
[SourceDate "2009.11.22"]

1. d4 f5 2. c4 Nf6 3. g3 g6 4. Nf3 Bg7 5. b4 O-O 6. Bg2 c6 7. O-O d5 8. Qb3 Kh8
9. Nc3 Ne4 10. Bf4 Be6 11. cxd5 cxd5 12. Ne5 Bg8 13. Qb2 g5 14. Nxe4 gxf4 15.
Nc5 fxg3 16. hxg3 b6 17. Ncd3 Nd7 18. Nxd7 Qxd7 19. e3 Qd6 20. Rac1 h5 21. Qe2
Bf7 22. b5 Qh6 23. Rc6 Bf6 24. Ne5 Rad8 25. f4 Be8 26. Re6 Rd6 27. Rxd6 exd6
28. Nc6 Rg8 29. Rf3 h4 30. gxh4 Bh5 31. Nb4 Bxh4 32. Nxd5 Rg3 33. Kf1 Qg7 0-1

[Event "Liga Madrid 2009-2010 Division de Honor"]
[Site "Madrid ESP"]
[Date "2010.01.24"]
[Round "7.14"]
[White "Anton Guijarro, David"]
[Black "Navarro Nicolas, Victor Manuel"]
[Result "1-0"]
[WhiteElo "2300"]
[BlackElo "2228"]
[PlyCount "71"]
[EventDate "2009.11.22"]
[EventType "team"]
[EventRounds "14"]
[EventCountry "ESP"]
[Source "lmi"]
[SourceDate "2009.11.22"]

1. d4 Nf6 2. c4 g6 3. Nf3 Bg7 4. Nc3 d5 5. Bg5 dxc4 6. e4 c5 7. d5 b5 8. d6
Qxd6 9. e5 Qxd1+ 10. Rxd1 Nfd7 11. Nxb5 Na6 12. Bxc4 h6 13. Be3 Nb6 14. Be2 O-O
15. O-O Be6 16. Na3 Nc7 17. Bxc5 Bxa2 18. Bxe7 Rfc8 19. Rd2 Ne6 20. Ba6 Re8 21.
Bd6 g5 22. Bb7 Rad8 23. Bc6 Nd7 24. Bb4 Nxe5 25. Nxe5 Bxe5 26. Bxe8 Rxe8 27.
Bc3 Bc7 28. Re1 Rb8 29. Nc2 Nf4 30. Nb4 Bc4 31. g3 Ne6 32. Nd5 Bd8 33. Ne3 Bb3
34. Ng4 Kh7 35. Rd7 Kg6 36. Ne5+ 1-0